000
00306nam a2200121Ia 4500
008
220217s9999||||xx |||||||||||||| ||und||
082
_a
658 TRI
100
_a
Tripathi,P.C
245
0
_a
Principles of management
260
_a
Tat mcgraw hill
_b
New Delhi
_c
2008
300
_b
250
650
_a
MANAGEMENT
999
_c
176842
_d
176842